000 00366 a2200145 4500
001 153890
040 _cEscola São Tomás de Aquino
100 _aBRANCO, Samuel Murgel
240 1 0 _aA Iara e a poluição das águas
_lpor
245 1 0 _aA Iara e a poluição das águas
362 0 _a2002
440 1 _aModerna
697 _a*LITERATURA INFANTIL
942 _cBK
999 _c153890
_d153890